Sanat - "Kun Chicago kuoli" - Vicky Rosti - Statistics

Yleistilastot
  • Tätä visaa on pelattu 38 kertaa
  • Keskiarvotulos 109 / 175
Vastaustilastot
Vastaus % Oikein
Chigago
97%
Ja
97%
Jäi
90%
kuolevan
90%
nään
90%
vielä
90%
äiti
87%
itkemään
87%
oli
87%
Oli
87%
Isä
80%
80%
80%
Chigagon
77%
dollarin
77%
Kesäyö
77%
kuumin
77%
saa
77%
siitä
77%
en
73%
kai
73%
Kotiseudulla
73%
mielestäin
73%
sai
73%
Sitä
73%
milloinkaan
70%
paikan
70%
kun
67%
vain
67%
yötä
67%
Aikaan
63%
astui
63%
Chigagoon
63%
Jepariksi
63%
kammariin
63%
huolet
60%
pahimpaan
60%
rapakon
60%
taa
60%
äidin
57%
kyyneleet
57%
näin
57%
Pyyhki
57%
sen
57%
Tulimme
57%
ei
53%
kuolla
53%
vieläkin
53%
auki
50%
muistan
50%
Ovi
50%
potkaistiin
50%
Al
47%
Capone
47%
Kaikki
47%
seuraa
47%
väistyneet
47%
vei
47%
jeparin
43%
käskyjäin
43%
kauhuissaan
43%
kello
43%
kuolleen
43%
Moni
43%
päätti
43%
seinällä
43%
sotaan
43%
yöstä
43%
vaikenee
40%
auttamaan
37%
huusi
37%
Joku
37%
Laki
37%
Paitsi
37%
rauhaan
37%
riensin
37%
verityöstä
37%
Aamulla
33%
ääntäkään
33%
Gangsterinsa
33%
jäänyt
33%
Silti
33%
tai
33%
tuskissaan
33%
Äänet
30%
Joutui
30%
kalojen
30%
kantautui
30%
kuoli
30%
ruuaksi
30%
sanan
30%
Sanoi
30%
taistelun
30%
varmaankin
30%
antautui
27%
kivisten
27%
Läpi
27%
muurien
27%
Tänään
13%
tik-tak...
10%
Ehtoja vastaavia visoja ei löytynyt
Tulosjakauma
Jokaisen tuloksen saaneiden osuus
Persentiili vastausten määrän mukaan
Tuloshistoriasi
Et ole pelannut tätä visaa